| 000 | 00597nam a2200145Ia 4500 | ||
|---|---|---|---|
| 008 | 170221s9999 xx 000 0 und d | ||
| 100 | _aAzilah Kasim | ||
| 245 | _aHow Does Firm Strategy Affect the Relationship between Entrepreneurial Strategic Orientation and Firm Growth? A Preliminary Analysis on Small and Medium Size Hotels in Peninsular Malaysia | ||
| 245 | _cAzilah Kasim, Levent Altinay | ||
| 260 | _bInternational Review of Management and Marketing | ||
| 260 | _c2012 | ||
| 300 | _a7 : 1 | ||
| 650 | _xMarketing. | ||
| 856 | _uhttp://www.econjournals.com/index.php/irmm/issue/view/91 | ||
| 999 |
_c313972 _d313972 |
||